Really learn 100 phrasal verbs
সংরক্ষণ করুন:
| বিন্যাস: | গ্রন্থ |
|---|---|
| ভাষা: | ইংরেজি |
| প্রকাশিত: |
Oxford
Oxford University Press
2007
|
| সংস্করন: | 2a. ed |
| বিষয়গুলি: | |
| ট্যাগগুলো: |
ট্যাগ যুক্ত করুন
কোনো ট্যাগ নেই, প্রথমজন হিসাবে ট্যাগ করুন!
|
MARC
| LEADER | 00000nam a2200000 a 4500 | ||
|---|---|---|---|
| 001 | UCH9101 | ||
| 003 | CL-VaPUC | ||
| 008 | 091224e20070000UK |||||||||||||||||eng|d | ||
| 020 | |a 9780194317443 | ||
| 082 | 0 | 4 | |a 428.8 |b REA |2 21 |
| 245 | 1 | 0 | |a Really learn 100 phrasal verbs |
| 250 | |a 2a. ed | ||
| 300 | |a 110 p | ||
| 942 | |c BK | ||
| 945 | |d 20091224 00:00:00 |a rbrito | ||
| 260 | |a Oxford |b Oxford University Press |c 2007 | ||
| 650 | 7 | |a INGLES GRAMATICA |2 CL-VaPUC |9 313180 | |
| 650 | 0 | |a Gramática inglesa |9 392981 | |
| 650 | 0 | |a Verbos |9 310738 | |
| 650 | 0 | |a Vocabulario |9 345405 | |
| 650 | 0 | |a Comprensión |9 339377 | |
| 650 | 0 | |a Enseñanza del inglés |9 367340 | |
| 583 | |a last modification |c 20091224 00:00:00 |k Rodrigo Vera | ||
| 999 | |c 339165 |d 339163 | ||
| 952 | |0 0 |1 0 |4 0 |6 428_800000000000000_REA_2007 |7 0 |8 A |9 432643 |a BIBEDU |b BIBEDU |d 2019-11-22 |i 4629124 |o 428.8 REA 2007 |p 4629124 |r 2019-11-22 |w 2019-11-22 |y BK |k CIT | ||